000 01771nam a2200325 c 4500
003 BLK
005 20180422115444.0
008 180411b bul|||||r ||||||| ||bul||
010 _aKNG00195065000
040 _aBLK
041 _aBUL
_cBUL
080 _aТехнология на металите. Металообработване. Общи въпроси
_b621.7/.9
_x(075.8)
_z621.7/.9(075.8)
700 1 _aТодоров, Борис Стоянов
_eавт. на том
_9384350
139 _aМатериалознание и механични технологии
_bМ 39
245 1 0 _aМатериалознание и механични технологии
_bРъководство за лаб. упражнения : [ За студентите от ВМЕИ - Варна]
_cавт. на том Борис Стоянов Тодоров.
_nЧ. 1
257 _aBGR
260 Варна
_bВМЕИ
_c1986
380 _a62
650 4 _aМашиностроителни материали - технология - учебници за ВУЗ
_9289409
650 4 _aТехнология на металите - учебници за ВУЗ
_9289410
653 _aматериалознание
653 _aтехнология на металите
653 _aучебници за ВУЗ
760 1 _d1986
_h81 с. : с ил., 20 см
_nДруги авт. : М. Нанков, М. Иванов, Г. Николчев, К. Камбуров, Т. Илиев, Д. Ставрев. - Изд. на МНП. ВМЕИ - Варна. - 1 500 тир.
_tЧ. 1
852 _aЦб 142879
856 4 _qpdf
_u
856 4 _qpdf
_u
942 _cKNG
_n0
944 _aCR
_c03.11.2016
_lЧ. 1 - /
_kСевдалина_Василева
944 _aED
_c03.11.2016
_lЧ. 1 - /
_kСевдалина_Василева
999 _c186071
_d186071